| 000 -LEADER |
| fixed length control field |
01086cam a22002654a 4500 |
| 001 - CONTROL NUMBER |
| control field |
16157503 |
| 005 - DATE AND TIME OF LATEST TRANSACTION |
| control field |
20221114150053.0 |
| 008 - FIXED-LENGTH DATA ELEMENTS--GENERAL INFORMATION |
| fixed length control field |
100325s2011 nyua b 001 0 eng |
| 020 ## - INTERNATIONAL STANDARD BOOK NUMBER |
| International Standard Book Number |
9780071602266x |
| 041 ## - LANGUAGE CODE |
| Language code of text/sound track or separate title |
eng |
| 080 ## - UNIVERSAL DECIMAL CLASSIFICATION NUMBER |
| Universal Decimal Classification number |
617.5 Z-82 |
| 100 1# - MAIN ENTRY--PERSONAL NAME |
| Personal name |
Zollinger, Robert Milton |
| Dates associated with a name |
|
| 9 (RLIN) |
7479 |
| 245 10 - TITLE STATEMENT |
| Title |
Zollinger's atlas of surgical operations / |
| Statement of responsibility, etc. |
Robert M. Zollinger Jr., E. Christopher Ellison ; illustrations for ninth editions by Marita Bitans and Jennifer Smith. |
| 246 13 - VARYING FORM OF TITLE |
| Title proper/short title |
Atlas of surgical operations |
| 250 ## - EDITION STATEMENT |
| Edition statement |
9th ed. |
| 264 ## - PRODUCTION, PUBLICATION, DISTRIBUTION, MANUFACTURE, AND COPYRIGHT NOTICE |
| Place of production, publication, distribution, manufacture |
New York : |
| Name of producer, publisher, distributor, manufacturer |
McGraw-Hill Medical, |
| Date of production, publication, distribution, manufacture, or copyright notice |
c2011. |
| 300 ## - PHYSICAL DESCRIPTION |
| Extent |
v, 506 p. : |
| Other physical details |
col. ill. ; |
| Dimensions |
37 cm. |
| 504 ## - BIBLIOGRAPHY, ETC. NOTE |
| Bibliography, etc. note |
Includes bibliographical references and index. |
| 653 ## - INDEX TERM--UNCONTROLLED |
| keyword |
მედიცინა |
| 653 ## - INDEX TERM--UNCONTROLLED |
| keyword |
ატლასი ქირურგიული |
| 653 ## - INDEX TERM--UNCONTROLLED |
| keyword |
ქირურგიული ატლასი ოპერაციების დროს |
| 700 1# - ADDED ENTRY--PERSONAL NAME |
| Personal name |
Ellison, E. Christopher. |
| Relator term |
ავტორი |
| 9 (RLIN) |
7484 |
| 700 1# - ADDED ENTRY--PERSONAL NAME |
| Personal name |
Zollinger, Robert M., |
| Dates associated with a name |
1903- |
| Relator term |
ავტორი |
| 9 (RLIN) |
7485 |
| 942 ## - ADDED ENTRY ELEMENTS (KOHA) |
| Source of classification or shelving scheme |
|
| Koha item type |
წიგნი |